[Event "Aeroflot Open 2011 B"]
[Site "Moscu RUS"]
[Date "2011.02.15"]
[Round "8.21"]
[White "Krapivin, Alexander"]
[Black "Batchuluun, Tsegmed"]
[Result "1/2-1/2"]
[WhiteElo "2476"]
[BlackElo "2424"]
[PlyCount "151"]
[EventDate "2011.02.08"]
[EventType "swiss"]
[EventRounds "9"]
[EventCountry "RUS"]
[Source "lmi"]
[SourceDate "2011.02.08"]

1. e4 e5 2. Nf3 Nc6 3. Nc3 Nf6 4. d4 exd4 5. Nxd4 Bb4 6. Nxc6 bxc6 7. Bd3 d5 8.
exd5 cxd5 9. O-O O-O 10. Bg5 c6 11. Qf3 Be7 12. h3 h6 13. Bh4 Rb8 14. b3 Rb4
15. Bg3 Bd6 16. Ne2 c5 17. Rad1 Bxg3 18. Nxg3 Qc7 19. Nh5 Nxh5 20. Qxh5 c4 21.
Be2 Be6 22. c3 Rb6 23. bxc4 dxc4 24. Rd2 Ra6 25. Rb1 Ra3 26. Qb5 Rxc3 27. Qb4
Qb6 28. Qxb6 axb6 29. Rxb6 Rc1+ 30. Rd1 Rc2 31. Kf1 Rxa2 32. Rc6 Rc2 33. Bf3
Rb8 34. g4 Kf8 35. Rc7 g6 36. Be4 Ra2 37. f4 Rb5 38. Kg1 Kg7 39. f5 gxf5 40.
gxf5 Bxf5 41. Bxf5 Rxf5 42. Rxc4 h5 43. Rf1 Rg5+ 44. Kh1 Ra3 45. Kh2 Ra2+ 46.
Kh1 Ra3 47. Kh2 Rgg3 48. Rh4 Kg6 49. Rf2 f5 50. Rg2 Rxg2+ 51. Kxg2 Ra2+ 52. Kf3
Ra3+ 53. Kg2 Ra2+ 54. Kf3 Kg5 55. Rb4 h4 56. Rb8 Ra3+ 57. Kg2 Kf4 58. Rb4+ Ke3
59. Rxh4 f4 60. Rh8 Ra2+ 61. Kg1 Ra1+ 62. Kh2 f3 63. Re8+ Kf2 64. h4 Kf1 65.
Kg3 f2 66. Rf8 Ra3+ 67. Kg4 Kg2 68. Rxf2+ Kxf2 69. h5 Ke3 70. h6 Ra1 71. Kg5
Ke4 72. h7 Rh1 73. Kg6 Ke5 74. Kg7 Rg1+ 75. Kf7 Rh1 76. Kg7 1/2-1/2

[Event "Aeroflot Open 2011 B"]
[Site "Moscu RUS"]
[Date "2011.02.15"]
[Round "8.23"]
[White "Stukopin, Andrey"]
[Black "Arslanov, Shamil"]
[Result "1-0"]
[WhiteElo "2462"]
[BlackElo "2368"]
[PlyCount "91"]
[EventDate "2011.02.08"]
[EventType "swiss"]
[EventRounds "9"]
[EventCountry "RUS"]
[Source "lmi"]
[SourceDate "2011.02.08"]

1. e4 e6 2. Nf3 d5 3. Nc3 Nf6 4. e5 Nfd7 5. d4 c5 6. dxc5 Nc6 7. Bf4 Bxc5 8.
Bd3 f6 9. exf6 Nxf6 10. Qe2 O-O 11. O-O-O Qa5 12. Kb1 Nb4 13. Be5 Bd7 14. Nd4
Nxd3 15. Rxd3 b5 16. Nb3 Qb6 17. Nxc5 Qxc5 18. Bd4 Qc6 19. Qe5 Rf7 20. f3 Rc8
21. Rc1 Ne8 22. Ne2 Nd6 23. b3 b4 24. Bb2 Nb5 25. Nd4 Qd6 26. Nxb5 Qxe5 27.
Bxe5 Bxb5 28. Rd4 a5 29. Kb2 Ra7 30. c3 bxc3+ 31. Rxc3 Rxc3 32. Kxc3 Bf1 33.
Rg4 h5 34. Rg6 Re7 35. h4 Kh7 36. Rg5 g6 37. Kd4 Re8 38. f4 Rc8 39. Rg3 Rc2 40.
Rc3 Rd2+ 41. Ke3 Rxg2 42. Rc8 g5 43. hxg5 Kg6 44. Rh8 Be2 45. Rh6+ Kf7 46. g6+
1-0

[Event "Aeroflot Open 2011 B"]
[Site "Moscu RUS"]
[Date "2011.02.15"]
[Round "8.24"]
[White "Ovetchkin, Roman"]
[Black "Lu, Yijie"]
[Result "1-0"]
[WhiteElo "2498"]
[BlackElo "2311"]
[PlyCount "91"]
[EventDate "2011.02.08"]
[EventType "swiss"]
[EventRounds "9"]
[EventCountry "RUS"]
[Source "lmi"]
[SourceDate "2011.02.08"]

1. d4 Nf6 2. g3 g6 3. Bg2 Bg7 4. e4 d6 5. Nc3 O-O 6. Nge2 e5 7. O-O Re8 8. h3
Nc6 9. Be3 exd4 10. Nxd4 Nxd4 11. Bxd4 Bd7 12. Re1 Bc6 13. b4 Qd7 14. a4 a6 15.
Qd3 b6 16. a5 b5 17. Nd5 Re6 18. Qc3 Nxe4 19. Bxe4 Rxe4 20. Rxe4 Bxd5 21. Bxg7
Bxe4 22. Bh6 f5 23. f3 Bd5 24. Re1 Qf7 25. Re3 Rc8 26. h4 Bb7 27. Kf2 c5 28.
Qe1 Bc6 29. Re7 Qd5 30. Qc3 Qd4+ 31. Qxd4 cxd4 32. Rg7+ Kh8 33. Ra7 Ra8 34. Rc7
Be8 35. Bg7+ Kg8 36. Bxd4 Bf7 37. Ke3 Kf8 38. Kf4 h6 39. c3 Ke8 40. Bf6 h5 41.
Kg5 Kf8 42. Bd4 Bd5 43. f4 Bf7 44. Kf6 Be8 45. Ke6 d5 46. Rh7 1-0

[Event "Aeroflot Open 2011 B"]
[Site "Moscu RUS"]
[Date "2011.02.15"]
[Round "8.25"]
[White "Poetsch, Hagen"]
[Black "Khachiyan, Melikset"]
[Result "1/2-1/2"]
[WhiteElo "2408"]
[BlackElo "2518"]
[PlyCount "85"]
[EventDate "2011.02.08"]
[EventType "swiss"]
[EventRounds "9"]
[EventCountry "RUS"]
[Source "lmi"]
[SourceDate "2011.02.08"]

1. e4 e5 2. Nf3 Nc6 3. Bb5 f5 4. d3 fxe4 5. dxe4 Nf6 6. O-O Bc5 7. Nc3 d6 8.
Bg5 O-O 9. Nd5 Kh8 10. Nh4 Nd4 11. Bd3 c6 12. Nxf6 gxf6 13. Bd2 Rg8 14. Kh1 Ne6
15. b4 Bb6 16. Qh5 Qe8 17. Qf3 Qf8 18. Bc4 Nd4 19. Qd3 Rg4 20. g3 d5 21. exd5
e4 22. Qc3 Rxh4 23. gxh4 Bg4 24. f4 Bf3+ 25. Rxf3 Nxf3 26. Be3 Qh6 27. Be2 Nxh2
28. Bxb6 axb6 29. Qg3 Nf3 30. Bxf3 exf3 31. dxc6 Rg8 32. Qh2 bxc6 33. Rg1 Rg6
34. h5 f2 35. Rf1 Rg4 36. Rxf2 f5 37. Re2 Qf6 38. Re8+ Kg7 39. h6+ Kf7 40. Qh5+
Rg6 41. Re5 Kg8 42. Re8+ Kf7 43. Re5 1/2-1/2

[Event "Aeroflot Open 2011 B"]
[Site "Moscu RUS"]
[Date "2011.02.15"]
[Round "8.26"]
[White "Kanter, Eduard"]
[Black "Karpatchev, Aleksandr"]
[Result "1/2-1/2"]
[WhiteElo "2429"]
[BlackElo "2474"]
[PlyCount "54"]
[EventDate "2011.02.08"]
[EventType "swiss"]
[EventRounds "9"]
[EventCountry "RUS"]
[Source "lmi"]
[SourceDate "2011.02.08"]

1. d4 d5 2. c4 dxc4 3. Nf3 Nf6 4. Nc3 Nc6 5. h3 a6 6. e4 e6 7. Bxc4 b5 8. Bd3
Bb7 9. e5 Nd5 10. O-O Ncb4 11. Bb1 Nxc3 12. bxc3 Nd5 13. Bd2 Be7 14. a4 Nb6 15.
axb5 axb5 16. Bd3 Nc4 17. Qe2 Bd5 18. Be3 O-O 19. Nd2 Nxd2 20. Bxd2 c6 21. Be3
Qd7 22. c4 bxc4 23. Bxc4 g6 24. Rfb1 Rfb8 25. Rxa8 Rxa8 26. Bxd5 cxd5 27. Qb5
Qxb5 1/2-1/2

[Event "Aeroflot Open 2011 B"]
[Site "Moscu RUS"]
[Date "2011.02.15"]
[Round "8.27"]
[White "Khantuev, Alexander"]
[Black "Wan, Yunguo"]
[Result "0-1"]
[WhiteElo "2347"]
[BlackElo "2469"]
[PlyCount "116"]
[EventDate "2011.02.08"]
[EventType "swiss"]
[EventRounds "9"]
[EventCountry "RUS"]
[Source "lmi"]
[SourceDate "2011.02.08"]

1. d4 Nf6 2. Nf3 g6 3. c4 Bg7 4. Nc3 O-O 5. e4 d6 6. Be2 e5 7. Be3 Ng4 8. Bg5
f6 9. Bh4 Nc6 10. d5 Ne7 11. Nd2 Nh6 12. f3 c5 13. dxc6 bxc6 14. b4 Be6 15. Nb3
g5 16. Bf2 f5 17. O-O Ng6 18. Na5 Qd7 19. Bd3 Nf4 20. Bc2 g4 21. exf5 Nxf5 22.
fxg4 Nd4 23. h3 h5 24. Bxd4 exd4 25. Ne2 d3 26. Bxd3 Nxe2+ 27. Qxe2 Bxa1 28.
Rxa1 Rae8 29. g5 Qg7 30. Qd1 Qxg5 31. Kh1 Rf2 32. Qg1 Qg3 33. Re1 Kg7 34. Re2
Rxe2 35. Bxe2 Bxh3 36. Bf1 Bd7 37. Qxa7 Rf8 38. Kg1 Qe1 39. Qxd7+ Kh8 40. Kh2
Qe5+ 41. Kg1 Qd4+ 42. Kh2 Qf4+ 43. Kg1 Qxf1+ 44. Kh2 Qf4+ 45. Kg1 Qd4+ 46. Kh2
Qe5+ 47. Kg1 Re8 48. Nxc6 Qe3+ 49. Kh1 Qc1+ 50. Kh2 Qf4+ 51. g3 Qf2+ 52. Kh3
Qf1+ 53. Kh4 Qh1+ 54. Kg5 Rg8+ 55. Kf6 Qf3+ 56. Ke7 Qf8+ 57. Ke6 Rg6+ 58. Kd5
Qf3+ 0-1

[Event "Aeroflot Open 2011 B"]
[Site "Moscu RUS"]
[Date "2011.02.15"]
[Round "8.28"]
[White "Matinian, Nikita"]
[Black "Zilberman, Yaacov"]
[Result "0-1"]
[WhiteElo "2339"]
[BlackElo "2468"]
[PlyCount "100"]
[EventDate "2011.02.08"]
[EventType "swiss"]
[EventRounds "9"]
[EventCountry "RUS"]
[Source "lmi"]
[SourceDate "2011.02.08"]

1. e4 e5 2. Nf3 Nc6 3. Bb5 a6 4. Ba4 Nf6 5. O-O Be7 6. Re1 b5 7. Bb3 d6 8. c3
O-O 9. h3 h6 10. d4 Re8 11. Nbd2 Bf8 12. d5 Ne7 13. Nf1 Bb7 14. Ng3 c6 15. dxc6
Bxc6 16. Qd3 Ng6 17. Be3 d5 18. exd5 Bxd5 19. Bxd5 Qxd5 20. Qxd5 Nxd5 21. Rad1
Red8 22. Nf5 f6 23. g3 Kf7 24. Kg2 h5 25. Bc1 Ra7 26. Ne3 Rad7 27. Nxd5 Rxd5
28. Rxd5 Rxd5 29. Be3 Ne7 30. Re2 Nf5 31. Rd2 Ke6 32. Rxd5 Kxd5 33. Ba7 Kc4 34.
g4 hxg4 35. hxg4 Nh6 36. g5 Nf5 37. gxf6 gxf6 38. Ne1 Bh6 39. Kf3 Bc1 40. b3+
Kxc3 41. Ke4 Ne7 42. Bb6 Nc6 43. Kd5 Nd4 44. Bd8 Bg5 45. Ng2 Nf5 46. Be7 Kb2
47. b4 Kxa2 48. Kc6 Kb3 49. Kb6 Bd2 50. Kxa6 Ka4 0-1

[Event "Aeroflot Open 2011 B"]
[Site "Moscu RUS"]
[Date "2011.02.15"]
[Round "8.29"]
[White "Sharafiev, Azat"]
[Black "Lou, Yiping"]
[Result "1/2-1/2"]
[WhiteElo "2462"]
[BlackElo "2494"]
[PlyCount "84"]
[EventDate "2011.02.08"]
[EventType "swiss"]
[EventRounds "9"]
[EventCountry "RUS"]
[Source "lmi"]
[SourceDate "2011.02.08"]

1. Nf3 Nf6 2. c4 c5 3. Nc3 Nc6 4. g3 g6 5. d4 cxd4 6. Nxd4 d6 7. Bg2 Bd7 8.
Nxc6 Bxc6 9. e4 Bg7 10. O-O O-O 11. Be3 Qa5 12. a3 Rfc8 13. b4 Qh5 14. Bf3 Qh3
15. Rc1 b6 16. Bg2 Qd7 17. h3 Rc7 18. Qd3 Rac8 19. Rfd1 Ba4 20. Nb5 Bxb5 21.
cxb5 Rxc1 22. Rxc1 Rxc1+ 23. Bxc1 Qc7 24. Be3 e6 25. Bf4 Ne8 26. Bd2 Bb2 27. a4
Nf6 28. a5 Nd7 29. axb6 Nxb6 30. Bf1 Be5 31. h4 h5 32. Be2 d5 33. Be3 Bd6 34.
Bd2 Qc4 35. Qxc4 dxc4 36. Kf1 Be5 37. Ke1 Bd4 38. f3 Kg7 39. Kd1 e5 40. Be1 f6
41. g4 hxg4 42. fxg4 g5 1/2-1/2

[Event "Aeroflot Open 2011 B"]
[Site "Moscu RUS"]
[Date "2011.02.15"]
[Round "8.30"]
[White "Badmatsyrenov, Oleg"]
[Black "Hamitevici, Vladimir"]
[Result "1/2-1/2"]
[WhiteElo "2449"]
[BlackElo "2412"]
[PlyCount "140"]
[EventDate "2011.02.08"]
[EventType "swiss"]
[EventRounds "9"]
[EventCountry "RUS"]
[Source "lmi"]
[SourceDate "2011.02.08"]

1. e4 c5 2. Nf3 d6 3. d4 cxd4 4. Nxd4 Nf6 5. Nc3 a6 6. Bg5 e6 7. f4 Qb6 8. Qd2
Qxb2 9. Rb1 Qa3 10. e5 dxe5 11. fxe5 Nfd7 12. Ne4 Qxa2 13. Rd1 Qd5 14. Qe3 Qxe5
15. Be2 Bc5 16. Bf4 Bxd4 17. Rxd4 Qa5+ 18. Rd2 O-O 19. Bd6 Re8 20. Qg3 Nc6 21.
O-O Ne7 22. Bc7 b6 23. Qf2 f5 24. Bc4 Ne5 25. Bb3 Ng4 26. Qf4 Kh8 27. Qd6 fxe4
28. Qxe7 Bb7 29. Qd6 Qc5+ 30. Qxc5 bxc5 31. Rd6 c4 32. Ba4 Rec8 33. Bb6 Bd5 34.
Bd7 Rcb8 35. Bd4 Nf6 36. Bxe6 Bxe6 37. Rxe6 a5 38. g4 Re8 39. Rc6 Nxg4 40. Rc7
Nf6 41. Bxf6 gxf6 42. Rxf6 Rg8+ 43. Kf2 Rg4 44. h3 e3+ 45. Kxe3 Rh4 46. Rff7 a4
47. c3 Rd8 48. Ke2 Ra8 49. Ra7 Rxa7 50. Rxa7 Rxh3 51. Kd2 Rh4 52. Rxa4 Kg7 53.
Ke2 h5 54. Ra5 Kf6 55. Rc5 Ke6 56. Ke3 Kd6 57. Rg5 Kc6 58. Rf5 Kd7 59. Rc5 Ke6
60. Ra5 Kf6 61. Rc5 Kf7 62. Rc7+ Ke6 63. Rc5 Ke7 64. Re5+ Kf6 65. Rc5 Kg7 66.
Rc7+ Kf6 67. Rc5 Kf7 68. Rc7+ Kg6 69. Rc6+ Kg7 70. Rc7+ Kg6 1/2-1/2

[Event "Aeroflot Open 2011 B"]
[Site "Moscu RUS"]
[Date "2011.02.15"]
[Round "8.31"]
[White "Oparin, Grigoriy"]
[Black "Shukh, Nikolai"]
[Result "1-0"]
[WhiteElo "2328"]
[BlackElo "2442"]
[PlyCount "67"]
[EventDate "2011.02.08"]
[EventType "swiss"]
[EventRounds "9"]
[EventCountry "RUS"]
[Source "lmi"]
[SourceDate "2011.02.08"]

1. e4 e5 2. Nf3 Nc6 3. Bb5 a6 4. Ba4 Nf6 5. d3 b5 6. Bb3 Be7 7. O-O O-O 8. Re1
d6 9. c3 Na5 10. Bc2 c5 11. Nbd2 Qc7 12. Nf1 Re8 13. Ng3 h6 14. h3 Bf8 15. d4
cxd4 16. cxd4 Bd7 17. b3 Rac8 18. Bd3 exd4 19. Bb2 Nc6 20. Nxd4 Ne5 21. f4 Nxd3
22. Qxd3 d5 23. e5 Nh7 24. Kh2 a5 25. Rad1 a4 26. Re3 a3 27. Ba1 b4 28. Nh5 Qb6
29. Rg3 Rc7 30. e6 fxe6 31. Nxg7 Bxg7 32. Rxg7+ Kxg7 33. Nxe6+ Kf7 34. Qxh7+
1-0

[Event "Aeroflot Open 2011 B"]
[Site "Moscu RUS"]
[Date "2011.02.15"]
[Round "8.32"]
[White "Dimakiling, Oliver"]
[Black "Alavkin, Arseny"]
[Result "0-1"]
[WhiteElo "2432"]
[BlackElo "2393"]
[PlyCount "80"]
[EventDate "2011.02.08"]
[EventType "swiss"]
[EventRounds "9"]
[EventCountry "RUS"]
[Source "lmi"]
[SourceDate "2011.02.08"]

1. Nf3 d5 2. e3 Nf6 3. c4 c6 4. Nc3 a6 5. Qb3 e6 6. d4 dxc4 7. Bxc4 b5 8. Be2
c5 9. dxc5 Bxc5 10. O-O O-O 11. e4 Bb7 12. e5 Nd5 13. Ne4 Be7 14. a4 b4 15. Bd2
Nc6 16. Rac1 Qb8 17. Rxc6 Bxc6 18. Nd4 Rc8 19. Qg3 Bxa4 20. Bh6 Bf8 21. Nd6 Rd8
22. Nxf7 Kxf7 23. Bh5+ g6 24. Bg4 Bxh6 25. Bxe6+ Ke8 26. Qh4 Nf4 27. Qxh6 Rxd4
28. Qxh7 Nxe6 29. Qxg6+ Ke7 30. Qf6+ Kd7 31. Qf7+ Kc6 32. Qxe6+ Kb7 33. h3 Qe8
34. Qf5 Rad8 35. Kh2 Bc6 36. e6 Re4 37. f3 Rxe6 38. Qg4 Qe7 39. Rc1 Rd2 40. b3
Qd6+ 0-1

[Event "Aeroflot Open 2011 B"]
[Site "Moscu RUS"]
[Date "2011.02.15"]
[Round "8.33"]
[White "Korobkov, Piotr"]
[Black "Antipov, Mikhail Al"]
[Result "0-1"]
[WhiteElo "2492"]
[BlackElo "2358"]
[PlyCount "88"]
[EventDate "2011.02.08"]
[EventType "swiss"]
[EventRounds "9"]
[EventCountry "RUS"]
[Source "lmi"]
[SourceDate "2011.02.08"]

1. Nf3 Nf6 2. c4 c6 3. b3 d5 4. Bb2 Bg4 5. e3 e6 6. h3 Bh5 7. Nc3 Nbd7 8. g4
Bg6 9. Nh4 Qa5 10. Nxg6 hxg6 11. a3 g5 12. b4 Qd8 13. d4 a6 14. c5 g6 15. f4
Ne4 16. Nxe4 dxe4 17. d5 gxf4 18. dxc6 Qh4+ 19. Kd2 bxc6 20. Kc2 Be7 21. exf4
Bf6 22. Qe1 Bxb2 23. Qxh4 Rxh4 24. Kxb2 f5 25. Rd1 e5 26. Rd6 exf4 27. Rxc6
fxg4 28. Rxg6 g3 29. Re6+ Kf8 30. Rxe4 Nf6 31. Rd4 Kf7 32. a4 Rah8 33. Bg2 f3
34. Rxh4 fxg2 35. Rg1 Rxh4 36. Rxg2 Rxh3 37. Kc3 Rh2 38. Rg1 g2 39. b5 axb5 40.
axb5 Nd5+ 41. Kd2 Nf4 42. b6 Nh3 43. b7 Nxg1 44. b8=Q Nf3+ 0-1

[Event "Aeroflot Open 2011 B"]
[Site "Moscu RUS"]
[Date "2011.02.15"]
[Round "8.34"]
[White "Delemarre, Jop"]
[Black "Filipenko, Alexander V"]
[Result "0-1"]
[WhiteElo "2455"]
[BlackElo "2357"]
[PlyCount "110"]
[EventDate "2011.02.08"]
[EventType "swiss"]
[EventRounds "9"]
[EventCountry "RUS"]
[Source "lmi"]
[SourceDate "2011.02.08"]

1. d4 d5 2. c4 c6 3. Nf3 Nf6 4. e3 Bg4 5. Nc3 e6 6. h3 Bh5 7. Qb3 Qb6 8. Nh4
Be7 9. g4 Bg6 10. Nxg6 hxg6 11. g5 Ng8 12. f4 dxc4 13. Bxc4 Nd7 14. Bd2 Qxb3
15. Bxb3 Bd8 16. Ne4 Bc7 17. Rc1 Ne7 18. Bd1 a5 19. Kf2 Nf5 20. Bf3 Bb6 21. a4
Bd8 22. Rc3 Be7 23. Rb3 b6 24. Ng3 Rc8 25. Nxf5 gxf5 26. Bc3 f6 27. h4 Kf7 28.
Kg3 Rc7 29. Rd1 Rhc8 30. Be2 Ra7 31. Bc4 Bd6 32. Re1 fxg5 33. hxg5 b5 34. axb5
Nb6 35. g6+ Ke7 36. Be2 a4 37. Ra1 Raa8 38. Rb4 Bxb4 39. Bxb4+ Kf6 40. Bc5 Nd5
41. bxc6 Rxc6 42. Bb5 Rcc8 43. Bxa4 Rcb8 44. Ra2 Nxe3 45. b3 Nd5 46. Rc2 Rh8
47. Bd6 Kxg6 48. Be5 Rh1 49. Rg2 Ne3 50. Re2 Ng4 51. Bd6 Rah8 52. Rxe6+ Kf7 53.
Re7+ Kf6 54. Bc6 R8h3+ 55. Kg2 R3h2+ 0-1

[Event "Aeroflot Open 2011 B"]
[Site "Moscu RUS"]
[Date "2011.02.15"]
[Round "8.35"]
[White "Zolotukhin, Valery"]
[Black "Romanko, Marina"]
[Result "0-1"]
[WhiteElo "2348"]
[BlackElo "2404"]
[PlyCount "82"]
[EventDate "2011.02.08"]
[EventType "swiss"]
[EventRounds "9"]
[EventCountry "RUS"]
[Source "lmi"]
[SourceDate "2011.02.08"]

1. e4 c5 2. Nf3 Nc6 3. d4 cxd4 4. Nxd4 Nf6 5. Nc3 e5 6. Ndb5 d6 7. Bg5 a6 8.
Na3 b5 9. Nd5 Be7 10. Bxf6 Bxf6 11. c4 b4 12. Nc2 a5 13. Be2 O-O 14. O-O Rb8
15. Qd3 Bg5 16. Rfd1 Be6 17. b3 Kh8 18. Nde3 Qb6 19. Nf5 Rfd8 20. Qf3 Qc5 21.
Rd3 g6 22. h4 Bf6 23. Nxd6 Bxh4 24. Rad1 Be7 25. Rd5 Bxd5 26. Rxd5 Qxd6 27.
Rxd6 Rxd6 28. Bf1 Rf6 29. Qe3 Kg7 30. g3 Rd8 31. Kg2 Nd4 32. Nxd4 Rxd4 33. f4
Bc5 34. Qf3 Rd2+ 35. Be2 Rxa2 36. Kh3 a4 37. Qg4 h5 38. Qc8 Bg1 39. Kg2 Rxe2+
40. Kf1 Rc2 41. bxa4 Rd6 0-1

[Event "Aeroflot Open 2011 B"]
[Site "Moscu RUS"]
[Date "2011.02.15"]
[Round "8.36"]
[White "Kochetkova, Julia"]
[Black "Bajarani, Ulvi"]
[Result "1/2-1/2"]
[WhiteElo "2311"]
[BlackElo "2393"]
[PlyCount "59"]
[EventDate "2011.02.08"]
[EventType "swiss"]
[EventRounds "9"]
[EventCountry "RUS"]
[Source "lmi"]
[SourceDate "2011.02.08"]

1. e4 e6 2. d4 d5 3. Nd2 Be7 4. Bd3 c5 5. dxc5 Nf6 6. Qe2 O-O 7. Ngf3 a5 8. O-O
Na6 9. e5 Nd7 10. c4 Naxc5 11. Bc2 f6 12. cxd5 exd5 13. Nb3 fxe5 14. Nxe5 Nxe5
15. Qxe5 Ra6 16. Nxc5 Bxc5 17. Bg5 Qd6 18. Qxd6 Bxd6 19. Rad1 Be6 20. Be3 a4
21. h3 Bf7 22. Bd3 Raa8 23. Be2 a3 24. bxa3 Rxa3 25. Bf3 Ra5 26. Rb1 b5 27. Bb6
Rxa2 28. Rxb5 Rb8 29. Rbb1 h6 30. Bd4 1/2-1/2

[Event "Aeroflot Open 2011 B"]
[Site "Moscu RUS"]
[Date "2011.02.15"]
[Round "8.37"]
[White "Artemiev, Vladislav"]
[Black "Kurukin, Dmitry"]
[Result "1-0"]
[WhiteElo "2384"]
[BlackElo "2313"]
[PlyCount "79"]
[EventDate "2011.02.08"]
[EventType "swiss"]
[EventRounds "9"]
[EventCountry "RUS"]
[Source "lmi"]
[SourceDate "2011.02.08"]

1. c4 Nf6 2. Nf3 g6 3. Nc3 Bg7 4. e4 d6 5. d4 O-O 6. Be2 e5 7. Be3 exd4 8. Nxd4
Re8 9. f3 c6 10. Qd2 d5 11. exd5 cxd5 12. c5 Nc6 13. O-O-O Qe7 14. Bg1 Qxc5 15.
Nxc6 Qxc6 16. Bb5 Qe6 17. Bxe8 Qxe8 18. Bd4 Be6 19. g4 Rd8 20. Kb1 b5 21. Ne2
b4 22. Nf4 Qb5 23. Rhe1 Rd6 24. Nd3 a5 25. Qf4 Ne8 26. Bxg7 Kxg7 27. Qd4+ Kg8
28. Rc1 Rd8 29. Nf4 Ng7 30. h4 h6 31. Ka1 a4 32. h5 g5 33. Nd3 Rb8 34. f4 gxf4
35. Nxf4 a3 36. b3 Bxg4 37. Nxd5 Bxh5 38. Nf6+ Kh8 39. Rc5 Ne6 40. Qe3 1-0

[Event "Aeroflot Open 2011 B"]
[Site "Moscu RUS"]
[Date "2011.02.15"]
[Round "8.38"]
[White "Baghdasaryan, Vahe"]
[Black "Kremenietsky, Anatoly M"]
[Result "1-0"]
[WhiteElo "2303"]
[BlackElo "2372"]
[PlyCount "55"]
[EventDate "2011.02.08"]
[EventType "swiss"]
[EventRounds "9"]
[EventCountry "RUS"]
[Source "lmi"]
[SourceDate "2011.02.08"]

1. e4 c5 2. Nf3 d6 3. d4 cxd4 4. Nxd4 Nf6 5. Nc3 Nc6 6. Bg5 Bd7 7. Qd2 Rc8 8.
f4 Nxd4 9. Qxd4 Qa5 10. e5 dxe5 11. fxe5 e6 12. O-O-O Bc6 13. Bb5 Bxb5 14. exf6
Bc6 15. h4 g6 16. Rhe1 Qc7 17. Rxe6+ fxe6 18. f7+ Kxf7 19. Qxh8 Ke8 20. Rf1 Qg7
21. Rxf8+ Qxf8 22. Qxh7 Qf7 23. Qh8+ Qf8 24. Qe5 Qf1+ 25. Nd1 Qf5 26. Qd6 Qf7
27. Ne3 Bxg2 28. Ng4 1-0

[Event "Aeroflot Open 2011 B"]
[Site "Moscu RUS"]
[Date "2011.02.15"]
[Round "8.39"]
[White "Guo, Qi"]
[Black "Yuferev, Oleg"]
[Result "1-0"]
[WhiteElo "2310"]
[BlackElo "2367"]
[PlyCount "111"]
[EventDate "2011.02.08"]
[EventType "swiss"]
[EventRounds "9"]
[EventCountry "RUS"]
[Source "lmi"]
[SourceDate "2011.02.08"]

1. d4 d5 2. c4 dxc4 3. Nf3 Nf6 4. e3 a6 5. Bxc4 e6 6. a4 c5 7. O-O Nc6 8. Qe2
Qc7 9. Rd1 Be7 10. dxc5 O-O 11. b3 Bxc5 12. Bb2 e5 13. Nc3 Bg4 14. h3 Bh5 15.
Nd5 Nxd5 16. Bxd5 Rfe8 17. Rac1 Bf8 18. g4 Bg6 19. Nxe5 Rxe5 20. Bxe5 Qxe5 21.
f4 Qf6 22. f5 Bxf5 23. gxf5 Qxf5 24. Qg4 Qe5 25. Qf4 Qe7 26. Bxc6 bxc6 27. Rxc6
Rb8 28. Rc7 Qe6 29. Rf1 Bd6 30. Qxf7+ Qxf7 31. Rcxf7 h6 32. Rd7 Be5 33. Rf5 Bc3
34. Ra7 a5 35. Rb5 Re8 36. Kf2 Bd2 37. Raxa5 Bxa5 38. Rxa5 Kf7 39. Rb5 Ke6 40.
h4 Kd6 41. Kf3 Rf8+ 42. Ke4 Kc6 43. b4 Rf1 44. Rc5+ Kd6 45. Rd5+ Kc7 46. Kd4 g6
47. Kc5 Rc1+ 48. Kb5 Re1 49. Rc5+ Kb7 50. Re5 g5 51. hxg5 hxg5 52. a5 g4 53.
a6+ Kc7 54. Re7+ Kd6 55. Rg7 Rxe3 56. a7 1-0

[Event "Aeroflot Open 2011 B"]
[Site "Moscu RUS"]
[Date "2011.02.15"]
[Round "8.40"]
[White "Tarasova, Viktoriya"]
[Black "Kalegin, Evgenij"]
[Result "0-1"]
[WhiteElo "2289"]
[BlackElo "2462"]
[PlyCount "88"]
[EventDate "2011.02.08"]
[EventType "swiss"]
[EventRounds "9"]
[EventCountry "RUS"]
[Source "lmi"]
[SourceDate "2011.02.08"]

1. d4 Nf6 2. c4 g6 3. Nc3 Bg7 4. e4 d6 5. f4 O-O 6. Nf3 Na6 7. Bd3 e5 8. fxe5
dxe5 9. d5 Qd6 10. O-O Bd7 11. Kh1 c6 12. Be3 Ng4 13. Bg1 cxd5 14. Nxd5 Nf6 15.
Rc1 Nxd5 16. c5 Ne3 17. Bxe3 Qc6 18. a3 Nc7 19. b4 Rad8 20. Qc2 Qa4 21. Qxa4
Bxa4 22. Bc4 Rd7 23. Rf2 h6 24. Rd2 Rfd8 25. Kg1 Kf8 26. Rxd7 Rxd7 27. Nd2 Bc6
28. g4 Ke7 29. Rf1 f6 30. h4 a6 31. Rc1 Ne6 32. Kf2 Nd4 33. Bd3 Nb3 34. Rc3
Nxd2 35. Bxd2 f5 36. gxf5 gxf5 37. Be3 f4 38. Bc1 Bf6 39. h5 Kf8 40. Bc2 Rg7
41. Rh3 Bd7 42. Rh1 Rg3 43. Bb2 Re3 44. Bd1 Bh3 0-1

[Event "Aeroflot Open 2011 B"]
[Site "Moscu RUS"]
[Date "2011.02.15"]
[Round "8.41"]
[White "Tseshkovsky, Vitaly"]
[Black "Tologontegin, Semetey"]
[Result "1/2-1/2"]
[WhiteElo "2528"]
[BlackElo "2331"]
[PlyCount "164"]
[EventDate "2011.02.08"]
[EventType "swiss"]
[EventRounds "9"]
[EventCountry "RUS"]
[Source "lmi"]
[SourceDate "2011.02.08"]

1. e4 e6 2. d4 d5 3. Nc3 Bb4 4. e5 c5 5. a3 Bxc3+ 6. bxc3 Ne7 7. Qg4 cxd4 8.
Bd3 Qa5 9. Rb1 Nbc6 10. Nf3 dxc3 11. Qxg7 Rg8 12. Qxh7 Qc7 13. Bf4 Bd7 14. Bg3
O-O-O 15. Qh4 Qa5 16. O-O Ng6 17. Bxg6 Rxg6 18. Ng5 Be8 19. Qf4 Rg7 20. Nf3 Bd7
21. Rfd1 Rdg8 22. Rb3 Be8 23. Qe3 Rg4 24. Rxc3 Kb8 25. Rb3 Re4 26. Qd3 Rc4 27.
Qh7 Rf8 28. Qg7 Qc5 29. h4 Na5 30. h5 Ba4 31. Rdb1 Rxc2 32. Rb4 Rc4 33. h6 Bc2
34. h7 Bxb1 35. h8=Q Rc1+ 36. Kh2 Rxh8+ 37. Qxh8+ Qc8 38. Qg7 Bg6 39. Nh4 Nc4
40. Bf4 Rc2 41. Rb3 a5 42. Nxg6 fxg6 43. Rf3 Ka7 44. Qxg6 Ra2 45. Qb1 Rxa3 46.
Rxa3 Nxa3 47. Be3+ Kb8 48. Qb6 Nc4 49. Qa7+ Kc7 50. Bd4 Kd7 51. f4 Ke7 52. g4
Kf7 53. Kg3 Nd2 54. Qb6 Ne4+ 55. Kf3 Nd2+ 56. Kg3 Ne4+ 57. Kf3 a4 58. f5 exf5
59. e6+ Qxe6 60. Qxb7+ Ke8 61. Qb8+ Ke7 62. Qc7+ Qd7 63. Qe5+ Qe6 64. Qc7+ Ke8
65. Qb8+ Kd7 66. Qa7+ Kd8 67. Qa5+ Kc8 68. Qa8+ Kc7 69. Qa7+ Kd6 70. Qb8+ Kc6
71. Qb6+ Kd7 72. Qa7+ Kc8 73. Qa8+ Kc7 74. Qa7+ Kc8 75. Qa8+ Kc7 76. Qa7+ Kd8
77. Qa5+ Ke7 78. Qc7+ Qd7 79. Qe5+ Qe6 80. Qc7+ Ke8 81. Qb8+ Kf7 82. Qb7+ Ke8
1/2-1/2

[Event "Aeroflot Open 2011 B"]
[Site "Moscu RUS"]
[Date "2011.02.15"]
[Round "8.42"]
[White "Delorme, Axel"]
[Black "Demianjuk, Alexander"]
[Result "1/2-1/2"]
[WhiteElo "2492"]
[BlackElo "2305"]
[PlyCount "53"]
[EventDate "2011.02.08"]
[EventType "swiss"]
[EventRounds "9"]
[EventCountry "RUS"]
[Source "lmi"]
[SourceDate "2011.02.08"]

1. d4 Nf6 2. c4 e6 3. g3 d5 4. Nf3 Be7 5. Bg2 O-O 6. O-O dxc4 7. Qc2 a6 8. a4
Bd7 9. Qxc4 Bc6 10. Bg5 Bd5 11. Qd3 c5 12. Nc3 Bc6 13. Rfd1 cxd4 14. Nxd4 Bxg2
15. Kxg2 Nbd7 16. Qf3 Qc8 17. e4 h6 18. Bf4 Nh7 19. h4 Bf6 20. Bd6 Ne5 21. Qh5
g6 22. Qxh6 Ng4 23. Qc1 Rd8 24. Nf3 Nxf2 25. Kxf2 Rxd6 26. Rxd6 Qc5+ 27. Qe3
1/2-1/2

[Event "Aeroflot Open 2011 B"]
[Site "Moscu RUS"]
[Date "2011.02.15"]
[Round "8.43"]
[White "Mansour, Sameer"]
[Black "Carlstedt, Jonathan"]
[Result "0-1"]
[WhiteElo "2318"]
[BlackElo "2409"]
[PlyCount "58"]
[EventDate "2011.02.08"]
[EventType "swiss"]
[EventRounds "9"]
[EventCountry "RUS"]
[Source "lmi"]
[SourceDate "2011.02.08"]

1. Nf3 d5 2. b3 Nf6 3. Bb2 e6 4. e3 Be7 5. d4 O-O 6. Bd3 c5 7. Nbd2 Nc6 8. a3
b6 9. O-O Bb7 10. Ne5 Qc7 11. Nxc6 Bxc6 12. c4 cxd4 13. exd4 Qf4 14. Nf3 dxc4
15. bxc4 Rfd8 16. Ne5 Bb7 17. Qe2 Bd6 18. g3 Qh6 19. Rad1 Qh3 20. f4 h5 21. Nf3
Qg4 22. Qe3 b5 23. c5 Nd5 24. Qe4 Bxf4 25. Rde1 Bxg3 26. Qh7+ Kf8 27. Rxe6 Bf4+
28. Kh1 fxe6 29. Be4 Nf6 0-1